[Event "Syston County-ch final"]
[Site "Syston"]
[Date "2025.07.05"]
[Round "1.9"]
[White "Zhu, Yaoyao"]
[Black "Luk, Danbe Kin Tsun"]
[Result "0-1"]
[WhiteElo "1967"]
[BlackElo "2119"]
[PlyCount "41"]
[EventDate "2025.07.05"]
[EventType "team-match"]
[EventRounds "1"]
[EventCountry "ENG"]
[SourceTitle "CB28_2025"]
[SourceDate "2025.07.09"]
[SourceVersion "1"]
[SourceVersionDate "2025.07.09"]
[SourceQuality "1"]
[WhiteTeam "Greater Manchester"]
[BlackTeam "Surrey"]
[WhiteTeamCountry "ENG"]
[BlackTeamCountry "ENG"]

1. e4 c5 2. Nf3 e6 3. d4 cxd4 4. Nxd4 Nf6 5. Bd3 Nc6 6. Nxc6 bxc6 7. 0-0 d5 8. e5 Nd7 9. Re1 Qc7 10. Bf4 Be7 11. c3 a5 12. Nd2 g5 13. Bg3 h5 14. h3 Ba6 15. Bxa6 Rxa6 16. c4 h4 17. Bh2 Rf8 18. Rc1 Qb7 19. Nb3 Ra8 20. Nd4 Nc5 21. Qf3 0-1

[Event "Reykjavik op"]
[Site "Reykjavik"]
[Date "2025.04.15"]
[Round "9"]
[White "Haertig, Jens"]
[Black "Luk, Danbe Kin Tsun"]
[Result "0-1"]
[WhiteElo "2149"]
[BlackElo "2018"]
[PlyCount "82"]
[EventDate "2025.04.09"]
[EventType "swiss"]
[EventRounds "9"]
[EventCountry "ISL"]
[SourceTitle "CB17_2025"]
[SourceDate "2025.04.23"]
[SourceVersion "1"]
[SourceVersionDate "2025.04.23"]
[SourceQuality "1"]

1. c4 e6 2. Nf3 d5 3. e3 Nf6 4. Nc3 Bd6 5. d4 0-0 6. c5 Be7 7. Rb1 Nbd7 8. Bd3 Re8 9. b4 Bf8 10. Bb2 e5 11. dxe5 Nxe5 12. Nxe5 Rxe5 13. Ne2 Re8 14. 0-0 c6 15. Qc2 g6 16. a4 Bg7 17. Nd4 Ne4 18. f3 Nf6 19. Rfe1 Nd7 20. Rbd1 Qg5 21. f4 Qe7 22. e4 dxe4 23. Rxe4 Qf8 24. Rde1 Rxe4 25. Bxe4 Nf6 26. Bf3 Bg4 27. g3 Re8 28. Qf2 Bxf3 29. Nxf3 Ng4 30. Qd2 Bxb2 31. Qxb2 Rxe1+ 32. Nxe1 Qe7 33. Nf3 Qe3+ 34. Kg2 Qe4 35. Qd2 Ne3+ 36. Kf2 Nd5 37. Ne5 Qh1 38. Qe1 Qxh2+ 39. Kf3 Qa2 40. b5 Qxa4 41. Qe2 Qxb5 0-1

[Event "Sitges Sunway op-A 11th"]
[Site "Sitges"]
[Date "2024.12.19"]
[Round "7"]
[White "Luk, Danbe Kin Tsun"]
[Black "Hu, Jiani"]
[Result "0-1"]
[WhiteElo "1893"]
[BlackElo "2101"]
[PlyCount "74"]
[EventDate "2024.12.12"]
[EventType "swiss"]
[EventRounds "10"]
[EventCountry "ESP"]
[SourceTitle "CB52_2024"]
[SourceDate "2024.12.25"]
[SourceVersion "1"]
[SourceVersionDate "2024.12.25"]
[SourceQuality "1"]

1. d4 f5 2. Bf4 Nf6 3. e3 d6 4. Nf3 g6 5. c4 Bg7 6. Nc3 0-0 7. c5 c6 8. Bc4+ d5 9. Be2 Nbd7 10. Ng5 Nb8 11. Nf3 h6 12. h3 Nbd7 13. b4 Ne4 14. Qc2 a5 15. b5 g5 16. bxc6 bxc6 17. Bh2 Qe8 18. Nxe4 fxe4 19. Ne5 Nxe5 20. Bxe5 Bxe5 21. dxe5 Qg6 22. g4 Qf7 23. 0-0 Qe6 24. f4 exf3 25. Rxf3 Rxf3 26. Bxf3 Qxe5 27. Qg6+ Qg7 28. Qe8+ Kh7 29. Rf1 Bb7 30. Qd7 Ba6 31. Qxc6 Bxf1 32. Qxa8 Qa1 33. Bxd5 Bc4+ 34. Kh2 Qe5+ 35. Kg1 Bxd5 36. Qe8 Qg3+ 37. Kf1 Bc4# 0-1

[Event "County-ch Final"]
[Site "Newark on Trent"]
[Date "2024.06.29"]
[Round "1.11"]
[White "Dargan, Paul AG"]
[Black "Luk, Danbe Kin Tsun"]
[Result "1-0"]
[WhiteElo "2058"]
[BlackElo "1880"]
[PlyCount "53"]
[EventDate "2024.06.29"]
[EventType "team-match"]
[EventRounds "1"]
[EventCountry "ENG"]
[SourceTitle "CBM 221 Extra"]
[Source "ChessBase"]
[SourceDate "2024.09.30"]
[SourceVersion "1"]
[SourceVersionDate "2024.09.30"]
[SourceQuality "1"]
[WhiteTeam "Northumberland"]
[BlackTeam "Surrey"]
[WhiteTeamCountry "ENG"]
[BlackTeamCountry "ENG"]

1. e4 c6 2. d4 d5 3. exd5 cxd5 4. Nf3 Nf6 5. Ne5 g6 6. Bb5+ Nbd7 7. 0-0 Bg7 8. Re1 0-0 9. Nc3 Nb6 10. Bd3 Bf5 11. Bxf5 gxf5 12. Qf3 e6 13. Bg5 h6 14. Bh4 Nc8 15. Qh3 Re8 16. Re3 Nd6 17. Rg3 Kh7 18. Bg5 Qc7 19. Bf4 Ng8 20. Nf3 f6 21. Nb5 Qxc2 22. Nxd6 Qxb2 23. Re1 Re7 24. Qh5 Rf8 25. Qg6+ Kh8 26. Nxf5 exf5 27. Rxe7 1-0

[Event "Guildford Spring op"]
[Site "Guildford"]
[Date "2024.04.13"]
[Round "2"]
[White "Golding, Alex"]
[Black "Luk, Danbe Kin Tsun"]
[Result "0-1"]
[WhiteElo "2299"]
[BlackElo "1803"]
[PlyCount "108"]
[EventDate "2024.04.12"]
[EventType "swiss"]
[EventRounds "5"]
[EventCountry "ENG"]
[SourceTitle "CBM 219 Extra"]
[Source "ChessBase"]
[SourceDate "2024.05.31"]
[SourceVersion "1"]
[SourceVersionDate "2024.05.31"]
[SourceQuality "1"]

1. d4 d5 2. Bg5 Nf6 3. Bxf6 gxf6 4. c4 c6 5. cxd5 cxd5 6. Nc3 Nc6 7. e3 e6 8. Bd3 Bd6 9. Nge2 Bd7 10. a3 a6 11. Rc1 f5 12. g3 Kf8 13. h4 Rg8 14. Nf4 Bxf4 15. gxf4 Rg4 16. h5 h6 17. Be2 Rg8 18. b4 Ne7 19. Na4 b6 20. Nb2 Nc8 21. Qc2 Nd6 22. Qc7 Ke7 23. Qxd8+ Kxd8 24. f3 a5 25. Kf2 axb4 26. axb4 Ra2 27. Rc2 Ba4 28. Rd2 Bd7 29. Rc1 Ke7 30. Rdc2 Rc8 31. Rxc8 Bxc8 32. Nd3 Nc4 33. Ne1 Kd6 34. Rc2 Rxc2 35. Nxc2 Kc6 36. Bxc4 dxc4 37. Na3 Kd5 38. Ke2 Bd7 39. Nb1 f6 40. Nc3+ Kc6 41. e4 fxe4 42. fxe4 Be8 43. Ke3 Bxh5 44. d5+ exd5 45. exd5+ Kc7 46. f5 Bf7 47. Kd4 h5 48. Ne4 h4 49. Nxf6 h3 50. Ng4 b5 51. f6 Kd6 52. Ne3 h2 53. Nf5+ Kd7 54. Ng3 Bxd5 0-1

[Event "Coventry op"]
[Site "Coventry"]
[Date "2023.02.19"]
[Round "5"]
[White "Dewangan, Aayush"]
[Black "Luk, Danbe Kin Tsun"]
[Result "0-1"]
[WhiteElo "1603"]
[BlackElo "1240"]
[PlyCount "122"]
[EventDate "2023.02.18"]
[EventType "swiss"]
[EventRounds "5"]
[EventCountry "ENG"]
[SourceTitle "CBM 212 Extra"]
[Source "ChessBase"]
[SourceDate "2023.03.31"]
[SourceVersion "1"]
[SourceVersionDate "2023.03.31"]
[SourceQuality "1"]

1. e4 c5 2. Nf3 e6 3. d4 cxd4 4. Nxd4 Nc6 5. Nc3 Nf6 6. Be3 Bb4 7. f3 d5 8. a3 Bxc3+ 9. bxc3 0-0 10. Bd3 e5 11. Nb3 dxe4 12. Bxe4 Nxe4 13. Qxd8 Rxd8 14. fxe4 b6 15. 0-0 Bg4 16. Rf2 f6 17. Rd2 Rxd2 18. Bxd2 Rd8 19. Be1 Rd1 20. Rxd1 Bxd1 21. Na1 Na5 22. Bd2 Nc4 23. Bc1 Nd6 24. Kf2 Nxe4+ 25. Ke3 Nd6 26. Kd3 Kf7 27. Nb3 Ke6 28. c4 Nb7 29. Bd2 Bh5 30. Bb4 a5 31. Bd2 a4 32. Nc1 Nc5+ 33. Kc3 Ne4+ 34. Kd3 Nxd2 35. Kxd2 Kd6 36. Kc3 Be8 37. Kb4 e4 38. Ne2 Ke5 39. c5 bxc5+ 40. Kxc5 f5 41. c4 f4 42. Nd4 e3 43. Nf3+ Ke4 44. Ne1 g5 45. h3 h5 46. Kd6 g4 47. hxg4 hxg4 48. c5 f3 49. gxf3+ gxf3 50. Nxf3 Kxf3 51. c6 Bxc6 52. Kxc6 e2 53. Kb5 e1Q 54. Kxa4 Qe5 55. Kb4 Ke4 56. a4 Kd4 57. Kb3 Qc5 58. Ka2 Kc3 59. a5 Qxa5+ 60. Kb1 Qb4+ 61. Ka1 Qb2# 0-1

[Event "Coventry op"]
[Site "Coventry"]
[Date "2023.02.19"]
[Round "4"]
[White "Luk, Danbe Kin Tsun"]
[Black "Davies, Peter L"]
[Result "0-1"]
[WhiteElo "1240"]
[BlackElo "1890"]
[PlyCount "160"]
[EventDate "2023.02.18"]
[EventType "swiss"]
[EventRounds "5"]
[EventCountry "ENG"]
[SourceTitle "CBM 212 Extra"]
[Source "ChessBase"]
[SourceDate "2023.03.31"]
[SourceVersion "1"]
[SourceVersionDate "2023.03.31"]
[SourceQuality "1"]

1. d4 Nf6 2. c4 c5 3. d5 e6 4. Nc3 exd5 5. cxd5 d6 6. e4 g6 7. h3 Bg7 8. Nf3 0-0 9. Bd3 a6 10. a4 Re8 11. 0-0 Nbd7 12. Bf4 Qc7 13. Qc2 Ne5 14. Bxe5 dxe5 15. Nd2 Rf8 16. Ne2 Bd7 17. b4 Rfc8 18. Rfc1 b6 19. a5 Qb7 20. Nc4 cxb4 21. axb6 Bb5 22. Qb3 Bxc4 23. Rxc4 Rxc4 24. Qxc4 Qxb6 25. Qc6 Qxc6 26. dxc6 a5 27. Rc1 Ne8 28. Bb5 Nc7 29. Ba4 Rd8 30. Rc5 f6 31. Rxa5 Bf8 32. g3 Ra8 33. Rxa8 Nxa8 34. Bb3+ Kg7 35. Kf1 Bd6 36. Ke1 Kf8 37. Kd2 Ke7 38. g4 Kd8 39. h4 h6 40. Ng3 Kc7 41. h5 gxh5 42. Nxh5 Be7 43. Ng7 Nb6 44. Bd5 Nc8 45. Nf5 Bf8 46. f4 exf4 47. Ke2 Na7 48. Nd4 Bd6 49. Kf3 Be5 50. Ne6+ Kb6 51. Nxf4 Bxf4 52. Kxf4 Nxc6 53. Ba2 Nd4 54. e5 fxe5+ 55. Kxe5 b3 56. Bb1 Nf3+ 57. Kf6 Nh2 58. Bf5 b2 59. g5 hxg5 60. Kxg5 Kc5 61. Kf4 Kd4 62. Kg3 Nf1+ 63. Kf2 Nd2 64. Bc2 Kc3 65. Bf5 Nb3 66. Bb1 Kd2 67. Kf3 Kc1 68. Bd3 Nd4+ 69. Ke4 Nc2 70. Ke5 Nb4 71. Bb1 Kxb1 72. Kd4 Kc2 73. Kc5 b1Q 74. Kb6 Kc3 75. Ka7 Nc6+ 76. Ka6 Nd8 77. Ka5 Kc4 78. Ka6 Kc5 79. Ka7 Qb5 80. Ka8 Qb7# 0-1

[Event "Coventry op"]
[Site "Coventry"]
[Date "2023.02.18"]
[Round "2"]
[White "Luk, Danbe Kin Tsun"]
[Black "Ireland, David J"]
[Result "1-0"]
[WhiteElo "1240"]
[BlackElo "1986"]
[PlyCount "59"]
[EventDate "2023.02.18"]
[EventType "swiss"]
[EventRounds "5"]
[EventCountry "ENG"]
[SourceTitle "CBM 212 Extra"]
[Source "ChessBase"]
[SourceDate "2023.03.31"]
[SourceVersion "1"]
[SourceVersionDate "2023.03.31"]
[SourceQuality "1"]

1. d4 Nf6 2. c4 c5 3. d5 b5 4. cxb5 a6 5. e3 g6 6. Nc3 Bg7 7. Nf3 0-0 8. Be2 d6 9. 0-0 Nbd7 10. e4 axb5 11. Bxb5 Ba6 12. Qe2 Bxb5 13. Nxb5 Ng4 14. a4 Qb6 15. Nd2 h5 16. Nc4 Qxb5 17. axb5 Rxa1 18. Bd2 Rfa8 19. Bc3 Bd4 20. Bxd4 cxd4 21. h3 Nge5 22. Nxe5 Nxe5 23. f4 Nd7 24. Qc4 R1a5 25. b4 R5a7 26. Qxd4 Rb7 27. Ra1 Rab8 28. Ra7 f6 29. Rxb7 Rxb7 30. Qc4 1-0

[Event "Eastern Asia-ch U10"]
[Site "Tornelo INT"]
[Date "2021.10.29"]
[Round "3"]
[White "Mao, Daqi"]
[Black "Luk, Danbe Kin Tsun"]
[Result "1-0"]
[WhiteElo "1638"]
[BlackElo "1201"]
[PlyCount "75"]
[EventDate "2021.10.29"]
[EventType "swiss"]
[EventRounds "9"]
[EventCountry "NET"]
[SourceTitle "EXT 2023"]
[Source "ChessBase"]
[SourceDate "2022.10.05"]
[SourceVersion "1"]
[SourceVersionDate "2022.10.05"]
[SourceQuality "1"]

1. d4 d5 2. c4 e6 3. Nc3 Nf6 4. Bg5 Be7 5. e3 0-0 6. Nf3 Nbd7 7. cxd5 exd5 8. Be2 h6 9. Bh4 c6 10. 0-0 Re8 11. Rc1 Nf8 12. Ne5 Bf5 13. Bd3 Bxd3 14. Qxd3 N6d7 15. Bxe7 Nxe5 16. dxe5 Qxe7 17. f4 Ne6 18. Ne2 Nc5 19. Qc2 Ne4 20. Nd4 Qb4 21. Rfd1 Rad8 22. a3 Qb6 23. Qe2 f6 24. e6 c5 25. Nf5 Rxe6 26. Qg4 Rd7 27. Nxh6+ Kh7 28. Nf5 Qc6 29. Nd4 Qd6 30. Nxe6 Re7 31. Nf8+ Kg8 32. Ng6 Re6 33. Qh5 f5 34. Qh8+ Kf7 35. Ne5+ Kf6 36. Qh4+ g5 37. Qh7 Qf8 38. Nd7# 1-0

[Event "Hong Kong Caissa Sunday op"]
[Site "Hong Kong"]
[Date "2019.01.13"]
[Round "1"]
[White "Luk, Danbe Kin Tsun"]
[Black "Ozbek, Gorkem"]
[Result "1/2-1/2"]
[WhiteElo "1012"]
[BlackElo "1604"]
[PlyCount "144"]
[EventDate "2019.01.13"]
[EventType "swiss"]
[EventRounds "7"]
[EventCountry "HKG"]
[SourceTitle "CBM 189 Extra"]
[Source "ChessBase"]
[SourceDate "2019.05.31"]
[SourceVersion "1"]
[SourceVersionDate "2019.05.31"]
[SourceQuality "1"]

1. d4 Nf6 2. c4 e5 3. dxe5 Ng4 4. Bf4 g5 5. Bg3 Bg7 6. Nf3 Nc6 7. Nc3 Ngxe5 8. Nxe5 Nxe5 9. e3 h5 10. Be2 h4 11. Bxe5 Bxe5 12. Qc2 d6 13. h3 Be6 14. Rd1 c6 15. 0-0 Qd7 16. f4 gxf4 17. exf4 Bxc3 18. Qxc3 0-0-0 19. Qf3 Bf5 20. Bd3 Rhg8 21. Bxf5 Qxf5 22. Qa3 Qc2 23. Qf3 Qxb2 24. Rf2 Qb6 25. Qh5 Rg7 26. Qxh4 f5 27. Qf6 Rdg8 28. Qxf5+ Kb8 29. g4 Qe3 30. Qd3 Qxd3 31. Rxd3 Kc7 32. Rfd2 Rg6 33. Kf2 Rh8 34. Rf3 Kd7 35. f5 Rgg8 36. Kg3 Re8 37. Kf4 Re5 38. Rfd3 Re1 39. Rxd6+ Kc7 40. Rd7+ Kb6 41. Rh2 Rc1 42. Rb2+ Kc5 43. Rbxb7 Rxc4+ 44. Ke5 Rxh3 45. g5 Rh5 46. g6 Rg4 47. Rxa7 Rxg6 48. Rh7 Rgh6 49. Rxh6 Rxh6 50. Rg7 Rh2 51. Ra7 Re2+ 52. Kf6 Kd6 53. a4 c5 54. Rg7 c4 55. a5 Ra2 56. Kg6 c3 57. f6 Rg2+ 58. Kh7 c2 59. f7 Rxg7+ 60. Kxg7 c1Q 61. f8Q+ Kd5 62. Qf5+ Kd6 63. Qf6+ Kd5 64. a6 Qc7+ 65. Kg6 Qg3+ 66. Kh7 Qc7+ 67. Kg8 Qb8+ 68. Kf7 Qc7+ 69. Ke8 Qc6+ 70. Qxc6+ Kxc6 71. a7 Kb7 72. a8Q+ Kxa8 1/2-1/2